Strategy of Location Incinerators in Slovak Republic

Salvato in:
Dettagli Bibliografici
Autore principale: Pekár, Juraj, 1972-
Altri autori: Čičková, Zuzana, 1978-, Brezina, Ivan, 1963-
Natura: Libro
Lingua:inglese
Pubblicazione: Bratislava Katedra operačného výskumu a ekonometrie FHI EU 2010
Serie:Odborné práce KOVE 2010
Soggetti:
Tags: Aggiungi Tag
Nessun Tag, puoi essere il primo ad aggiungerne!!

MARC

LEADER 00000nlm$a2200000$$$4500
001 0119875
005 20240502072334.9
041 0 |a eng 
044 |a SK 
245 1 0 |a Strategy of Location Incinerators in Slovak Republic  |c Juraj Pekár, Zuzana Čičková, Ivan Brezina 
264 1 |a Bratislava  |b Katedra operačného výskumu a ekonometrie FHI EU  |c 2010 
300 |a 17 s. 
490 1 |a Odborné práce KOVE 2010 
830 0 |a Odborné práce KOVE 2010 
610 2 0 |a modelovanie ekonometrické 
610 2 0 |a modely ekonometrické 
610 2 0 |a výskum operačný 
610 2 0 |a odpad 
610 2 0 |a spracovanie odpadu 
610 2 0 |a Slovensko 
100 1 |a Pekár, Juraj, 1972- 
700 1 |a Čičková, Zuzana, 1978- 
700 1 |a Brezina, Ivan, 1963-